| 000 | 00897cam a22001934a 4500 | ||
|---|---|---|---|
| 005 | 20250605164206.0 | ||
| 008 | 250528s ||||||||||||||||||||||||d | ||
| 035 | _a19946 | ||
| 020 | _a77072154 | ||
| 040 |
_aGR-AtMCL _bgre _dGR-AtMCL _eAACR2 |
||
| 245 | 1 | _aIntroduction to Compiling Techniques / A First Course using ANSI C, LEX and YACC | |
| 260 |
_bMcgraw Hill Book Company, _c1990 |
||
| 300 | _a246 | ||
| 520 | _aThis book presents both the theory and the practical application of concepts in an up-to-date and authoritative manner. Preface, What is a Compiler, Target Languages, Formal Grammars, Intermediate Representations, Lexical Analysis, Syntax Analysis Methods, Error Handling, Parser Generators, semantic Checking, Code Generation, Code Optimization, A Complete Compiler for VSL, Index. | ||
| 700 | 1 |
_aBennett P. J. _96102 |
|
| 942 | _cBK | ||
| 999 |
_c5184 _d5184 |
||